最大都市 人口集中率ランキング - Statistics

General Stats
  • This quiz has been taken 34 times
  • The average score is 13 of 20
Answer Stats
上位/下位群 順位 答え 人口集中率 % Correct
上位群 1 京都市 (京都府) 56.8%
97%
上位群 3 高知市 (高知県) 47.2%
87%
上位群 2 仙台市 (宮城県) 47.6%
83%
下位群 46 水戸市 (茨城県) 9.4%
80%
下位群 47 世田谷区 (東京都) 6.7%
80%
上位群 4 高松市 (香川県) 43.9%
73%
上位群 6 熊本市 (熊本県) 42.5%
73%
上位群 10 富山市 (富山県) 40.0%
70%
上位群 5 広島市 (広島県) 42.9%
67%
上位群 8 金沢市 (石川県) 40.9%
67%
下位群 40 下関市 (山口県) 19.0%
67%
下位群 45 千葉市 (千葉県) 15.5%
60%
上位群 7 大分市 (大分県) 42.3%
57%
上位群 9 横浜市 (神奈川県) 40.9%
57%
下位群 42 さいたま市 (埼玉県) 18.0%
57%
下位群 43 郡山市 (福島県) 17.9%
57%
下位群 44 四日市市 (三重県) 17.5%
57%
下位群 39 高崎市 (群馬県) 19.2%
50%
下位群 41 長野市 (長野県) 18.2%
50%
下位群 38 岐阜市 (岐阜県) 20.4%
47%
No matching quizzes found
Score Distribution
Percent of People with Each Score
Percentile by Number Answered
Your Score History
You have not taken this quiz